Answers to Famous Corny Jokes - Statistics

General Stats
  • This quiz has been taken 36 times
  • The average score is 6 of 10
Answer Stats
Hint Answer % Correct
What is a Pirate's favorite letter? R
90%
Why did the chicken cross the road? To get to the other side
87%
Why is 6 afraid of 7? 7 ate 9
77%
What do you call a gator wearing a vest? An Investigator
77%
What's brown and sticky? A Stick
71%
What do you call a dinosaur with a great vocabulary? Thesaurus
61%
What do you call a fake noodle? An Impasta
45%
What do you call a cow with no legs? Ground Beef
45%
What do you call a scary blueberry? Booberry
32%
Why did the bicycle fall over? Two Tired
23%
No matching quizzes found
Score Distribution
Percent of People with Each Score
Percentile by Number Answered
Your Score History
You have not taken this quiz